Stručná zpráva o katedře marketingu na Vysoké škole ekonomické v Praze
Situácia na katedre marketingu Podnikovohospodárskej fakulty VŠE v Prahe. Nároky na učiteľov, nedostatky vyučovacieho procesu. Marketing ako študijný odbor neexistuje. Úsilie katedry o rozsiahlejšie kontakty s ostatnými školami a inštitúciami zaoberajúcimi sa marketingom. Aktivity v rámci VŠE, celož...
Uložené v:
| Hlavný autor: | |
|---|---|
| Médium: | Kapitola |
| Jazyk: | Czech |
| Predmet: | |
| Tagy: |
Žiadne tagy, Buďte prvý, kto otaguje tento záznam!
|
MARC
| LEADER | 00000naa a2200000 4500 | ||
|---|---|---|---|
| 001 | r024137 | ||
| 005 | 20221213082238.4 | ||
| 041 | 0 | |a cze | |
| 044 | |a CZ | ||
| 245 | 1 | 0 | |a Stručná zpráva o katedře marketingu na Vysoké škole ekonomické v Praze |c Eduard Stehlík |
| 520 | |a Situácia na katedre marketingu Podnikovohospodárskej fakulty VŠE v Prahe. Nároky na učiteľov, nedostatky vyučovacieho procesu. Marketing ako študijný odbor neexistuje. Úsilie katedry o rozsiahlejšie kontakty s ostatnými školami a inštitúciami zaoberajúcimi sa marketingom. Aktivity v rámci VŠE, celoživotného vzdelávania, publikačnej činnosti. Personálne problémy. | ||
| 610 | 2 | 0 | |a marketing |
| 610 | 2 | 0 | |a školy vysoké |
| 610 | 2 | 0 | |a Vysoká škola ekonomická v Prahe |
| 610 | 2 | 0 | |a Česko |
| 610 | 2 | 0 | |a vyučovanie |
| 100 | 1 | |a Stehlík, Eduard | |